|
|
|
|
| LEADER |
00000nam a2200000Ii 4500 |
| 001 |
DIGECOED0659 |
| 003 |
NyNyDIG |
| 006 |
m o d |
| 007 |
cr ||||||||||| |
| 008 |
240904s2020 ck o 000 0 spa d |
| 035 |
|
|
|a (OCoLC)1454785969
|
| 040 |
|
|
|a DGITA
|b eng
|e rda
|e pn
|c DGITA
|
| 020 |
|
|
|z 9789587718751
|
| 050 |
1 |
4 |
|a HD45 ebook
|
| 082 |
0 |
4 |
|a 658.4063
|2 23
|
| 100 |
1 |
|
|a Blanco Silva, Fernando,
|e author.
|
| 245 |
1 |
0 |
|a Claves de la cuarta revolución industrial :
|b cómo afectará a los negocios y a las personas /
|c Fernando Blanco Silva [and 3 others].
|
| 250 |
|
|
|a Primera edición en Colombia.
|
| 264 |
|
1 |
|a Bogotá :
|b Ecoe Ediciones,
|c [2020]
|
| 300 |
|
|
|a 1 online resource.
|
| 336 |
|
|
|a text
|b txt
|2 rdacontent
|
| 337 |
|
|
|a computer
|b c
|2 rdamedia
|
| 338 |
|
|
|a online resource
|b cr
|2 rdacarrier
|
| 347 |
|
|
|a text file
|2 rdaft
|
| 347 |
|
|
|b PDF
|
| 490 |
1 |
|
|a Colección: Ciencias empresariales. Área: Management
|
| 588 |
0 |
|
|a Online resource; title from PDF title page (Digitalia, viewed September 4, 2024)
|
| 650 |
|
0 |
|a Industrial management
|x Technological innovations.
|
| 650 |
|
0 |
|a Technological innovations
|x Economic aspects.
|
| 650 |
|
0 |
|a Technological innovations
|x Social aspects.
|
| 650 |
|
0 |
|a Technology and civilization.
|
| 791 |
2 |
|
|a Digitalia (Firm),
|e distributor.
|
| 793 |
0 |
|
|g Digitalia eBook Collection:
|a Ecoe Ediciones
|
| 776 |
0 |
8 |
|i Print version:
|a Blanco Silva, Fernando.
|t Claves de la cuarta revolución industrial.
|b Primera edición en Colombia.
|d Bogotá : Ecoe Ediciones, [2020]
|z 9789587718751
|
| 830 |
|
0 |
|a Colección: Ciencias empresariales.
|p Área: Management.
|
| 856 |
4 |
0 |
|3 Digitalia Hispánica
|u https://www.digitaliapublishing.com/a/156680/
|
| 910 |
|
|
|a Premium collection: 2024
|